000 00308nam a2200121Ia 4500
005 20251222154411.0
008 251222s9999||||xx |||||||||||||| ||spa||
020 _a84-376-0625-X
082 _a868.9/G24
100 _a"García Peinado, Miguel Ángel"
245 0 _aMaese Pathelin y otras farsas
942 _cLIB
999 _c35657
_d35657